| 000 | 00313nam a2200109 4500 | ||
|---|---|---|---|
| 999 |
_c13212 _d13212 |
||
| 008 | 190213b ||||| |||| 00| 0 eng d | ||
| 245 | _aUS scientists try 1st gene editing in the body. | ||
| 260 |
_aPhilippines _bThe Philippine Star _cc2017 |
||
| 300 | _apage A17. | ||
| 650 | 0 |
_936950 _aInvention. |
|
| 942 |
_2ddc _cPER |
||